APEC Schools

Solid state physics (Record no. 6994)

000 -LEADER
fixed length control field nam a22 7a 4500
005 - DATE AND TIME OF LATEST TRANSACTION
control field 20190129012623.0
008 - FIXED-LENGTH DATA ELEMENTS--GENERAL INFORMATION
fixed length control field 190129b xxu||||| |||| 00| 0 eng d
020 ## - IDENTIFIER FOR THE MANIFESTATION
Identifier for the Manifestation 9788126144730
Binding paperback
040 ## - CATALOGING SOURCE
Language of Cataloging eng
Transcribing Agency APEC Schools Library
Description Conventions rda
082 ## - DEWEY DECIMAL CLASSIFICATION NUMBER
Classification number C 530.41
Author's Number B575s 2010
100 ## - CREATOR
Preferred Name of the Person Bhatia, Manoj
245 ## - TITLE AND STATEMENT OF RESPONSIBILITY
Preferred Title Proper Solid state physics
Statement of Responsibility/Parallel Statement of Responsibility Manoj Bhatia
250 ## - EDITION STATEMENT
Designation of Edition/Designation of a Named Revision of an Edition First edition.
264 ## - PUBLICATION STATEMENT
Place of publication, distribution, etc New Delhi :
Publisher's Name/Parallel Publisher's Name Anmol Publications Pvt. Ltd.,
Copyright ©2010.
Date of Publication 2010.
300 ## - PHYSICAL DESCRIPTION
Extent viii, 296 pages :
Illustrative Content illustrations ;
Dimensions 18 cm.
336 ## - RDA CONTENT
Source rdacontent
Content Type text
337 ## - RDA MEDIA
Source rdamedia
Media Type unmediated
338 ## - RDA CARRIER
Source rdacarrier
Carrier Type volume
504 ## - BIBLIOGRAPHY, ETC. NOTE
Bibliography, etc Includes index.
650 ## - ADDED SUBJECT ACCESS POINT - TOPICAL TERM
Topical Term Solid state physics
-- Physics
942 ## - ADDED ENTRY ELEMENTS (KOHA)
Source of Classification
Koha Item Type Books
Holdings
Library Site Location Shelving Location Source of Acquisition Full Classification Number Accession Number Koha Item Type
APEC Marikina Heights Library APEC Marikina Heights Library Circulation Institutional Fund C 530.41 B575s 2010 A08-0000126 Non Fiction

Powered by Koha